00761cam a2200229 i 45000010008000000030009000080050017000170080041000340100017000750200015000920400028001070500021001350820020001561000047001762450050002232500018002732600039002913000021003305000062003516500028004138560090004413244937BDDh-ASL20231015030447.0800903r19801927nyu 000 0 eng  a 80023196  a0517331942 aDLCcDLCdDLCdBDDh-ASL00aHS425b.W56 198000a366.1219bWIM 1 aWilmshurst, W. L.q(Walter Leslie),d1867-14aThe meaning of Masonry /cby W.L. Wilmshurst. aBell 1980 ed. aNew York :bBell Pub. Co.,cc1980. a216 p. ;c23 cm. aReprint of the 5th ed. (1927) published by Rider, London. 0aFreemasonryxSymbolism.423Publisher descriptionuhttp://www.loc.gov/catdir/description/random0413/80023196.html